Metabolism of pesticides /

Salvato in:
Dettagli Bibliografici
Autore principale: Menzie, Calvin M.
Natura: Sách giấy
Lingua:English
Pubblicazione: Washington D.C. : U.S. Dept. of the Interior, Fish and Wildlife Service, 1969
Serie:Special scientific report--wildlife ; no. 127
Tags: Aggiungi Tag
Nessun Tag, puoi essere il primo ad aggiungerne! !
Thư viện lưu trữ: Thư viện Trường Đại học Đà Lạt
LEADER 00695nam a2200253 4500
001 DLU040029587
005 ##11/2/1998
041 # # |a eng 
082 # # |a 639.97  |b ME-C 
100 # # |a Menzie, Calvin M. 
245 # # |a Metabolism of pesticides /  |c Calvin M. Menzie 
260 # # |a Washington D.C. :  |b U.S. Dept. of the Interior, Fish and Wildlife Service,  |c 1969  
300 # # |a 487 p. :  |b ill. ;  |c 27 cm 
440 # # |a Special scientific report--wildlife ;  |v no. 127 
504 # # |a Bibliography: p. 348-478 
992 # # |a 9700 
994 # # |a DLU 
900 # # |a True 
911 # # |a Thái Thị Thanh Thủy 
925 # # |a G 
926 # # |a A 
927 # # |a SH 
980 # # |a Thư viện Trường Đại học Đà Lạt